[Event "FICGS class C 000197 email"]
[Site "FICGS email"]
[Date "2013.10.09"]
[Round "1"]
[White "Antonov, Ivan"]
[Black "Delaney, Alan"]
[Result "0-1"]
[WhiteElo "2000"]
[BlackElo "1900"]
[PlyCount "24"]
[EventDate "2013.??.??"]
[EventType "tourn (corr)"]
[EventRounds "4"]
[SourceTitle "Corr 2022"]
[Source "ChessBase"]
[SourceDate "2021.10.24"]
[SourceVersion "1"]
[SourceVersionDate "2021.10.24"]
[SourceQuality "1"]

1. e4 d6 2. d4 Nf6 3. Nc3 e5 4. Nf3 Nbd7 5. Bc4 Be7 6. 0-0 0-0 7. Re1 c6 8. a4 a5 9. h3 Qe8 10. Ba2 Bd8 11. Be3 Qe7 12. Qd2 Nb6 0-1

[Event "FICGS class A 000145 email"]
[Site "FICGS email"]
[Date "2013.10.03"]
[Round "1"]
[White "Jempty, George"]
[Black "Antonov, Ivan"]
[Result "1-0"]
[WhiteElo "2014"]
[BlackElo "2000"]
[PlyCount "21"]
[EventDate "2013.??.??"]
[EventType "tourn (corr)"]
[EventRounds "6"]
[SourceTitle "Corr 2022"]
[Source "ChessBase"]
[SourceDate "2021.10.24"]
[SourceVersion "1"]
[SourceVersionDate "2021.10.24"]
[SourceQuality "1"]

1. e4 c6 2. Nf3 d5 3. exd5 cxd5 4. Ne5 Nf6 5. d4 g6 6. Bb5+ Nbd7 7. 0-0 Bg7 8. Nc3 0-0 9. Re1 a6 10. Bf1 e6 11. Nf3 1-0

[Event "Kostroma Spring"]
[Site "Kostroma"]
[Date "2012.03.04"]
[Round "7"]
[White "Antonov, Ivan"]
[Black "Arbuzov, Ivan"]
[Result "0-1"]
[WhiteElo "2017"]
[BlackElo "2088"]
[PlyCount "156"]
[EventDate "2012.03.01"]
[EventType "tourn"]
[EventRounds "9"]
[EventCountry "RUS"]
[SourceTitle "EXT 2013"]
[Source "ChessBase"]
[SourceDate "2012.11.22"]
[SourceVersion "1"]
[SourceVersionDate "2012.11.22"]
[SourceQuality "1"]

1. c4 c6 2. e4 d5 3. exd5 cxd5 4. cxd5 Nf6 5. Qa4+ Nbd7 6. Nc3 g6 7. Nf3 Bg7 8. Bc4 0-0 9. 0-0 Nb6 10. Qb3 Nxc4 11. Qxc4 b6 12. Nd4 Bb7 13. Nc6 Qd7 14. Re1 Rfe8 15. d4 Rac8 16. Be3 e6 17. Qb3 Bxc6 18. dxc6 Qxc6 19. Rac1 Qd7 20. Qb5 Qb7 21. h3 Red8 22. Red1 Nd5 23. Nxd5 Rxd5 24. Rxc8+ Qxc8 25. Qa4 Qd7 26. Qxd7 Rxd7 27. Rc1 Bxd4 28. Bxd4 Rxd4 29. Rc7 Rd2 30. Rxa7 Rxb2 31. a4 Kg7 32. Rb7 Ra2 33. Rxb6 Rxa4 34. Kh2 g5 35. g4 h5 36. gxh5 Rh4 37. Kg3 Rxh5 38. Kg4 Kg6 39. Rb8 Rh4+ 40. Kg3 Ra4 41. Rb5 Ra3+ 42. f3 Ra4 43. Rc5 f6 44. Rb5 e5 45. Rb8 Ra3 46. Rb4 Ra1 47. h4 gxh4+ 48. Rxh4 Rg1+ 49. Kf2 Ra1 50. Kg3 Ra2 51. Rb4 Kg5 52. Rg4+ Kf5 53. Rb4 Rd2 54. Ra4 Rd4 55. Ra5 Rb4 56. Rc5 Kg6 57. Ra5 Rb3 58. Ra4 f5 59. Kf2 Kg5 60. Rc4 Rd3 61. Ra4 Rd4 62. Ra2 Kf4 63. Rb2 Ra4 64. Rc2 Ra3 65. Rc4+ e4 66. fxe4 fxe4 67. Rc2 Rf3+ 68. Ke2 Rh3 69. Rc8 Rh2+ 70. Ke1 Kf3 71. Ra8 Rh1+ 72. Kd2 e3+ 73. Kd3 Rd1+ 74. Kc2 e2 75. Rf8+ Kg4 76. Rg8+ Kf5 77. Rf8+ Kg6 78. Rg8+ Kf7 0-1

[Event "Kostroma Spring"]
[Site "Kostroma"]
[Date "2012.03.02"]
[Round "4"]
[White "Antonov, Ivan"]
[Black "Lugovskoy, Maxim"]
[Result "0-1"]
[WhiteElo "2017"]
[BlackElo "2346"]
[PlyCount "96"]
[EventDate "2012.03.01"]
[EventType "tourn"]
[EventRounds "9"]
[EventCountry "RUS"]
[SourceTitle "EXT 2013"]
[Source "ChessBase"]
[SourceDate "2012.11.22"]
[SourceVersion "1"]
[SourceVersionDate "2012.11.22"]
[SourceQuality "1"]

1. d4 d5 2. c4 e6 3. Nc3 Be7 4. cxd5 exd5 5. Bf4 Nf6 6. e3 c6 7. Bd3 0-0 8. Nge2 Nbd7 9. 0-0 Re8 10. Qc2 Nf8 11. f3 Nh5 12. Bg3 Nxg3 13. Nxg3 Bd6 14. Rae1 Be6 15. Qf2 c5 16. f4 f6 17. Nb5 Be7 18. dxc5 Bxc5 19. Nd4 Qb6 20. Kh1 Bf7 21. Ngf5 Bg6 22. Qg3 Bxd4 23. exd4 Bxf5 24. Bxf5 Qxd4 25. Qb3 Rxe1 26. Rxe1 Qd2 27. Rd1 Re8 28. h3 Re1+ 29. Rxe1 Qxe1+ 30. Kh2 Qd2 31. Qf3 g6 32. Bd3 Kg7 33. f5 Qa5 34. Qe3 Qc7+ 35. Kh1 b6 36. h4 Qe5 37. Qf2 Nd7 38. h5 Nc5 39. Bc2 gxh5 40. Qh4 Qe3 41. Qxh5 Qh6 42. Qxh6+ Kxh6 43. Kg1 Kg5 44. Kf2 Kf4 45. g3+ Ke5 46. Ke3 d4+ 47. Kd2 Ne4+ 48. Kd3 Nxg3 0-1

[Event "Kostroma Spring"]
[Site "Kostroma"]
[Date "2012.03.02"]
[Round "3"]
[White "Odnorozhenko, Evgenyi"]
[Black "Antonov, Ivan"]
[Result "1-0"]
[WhiteElo "2292"]
[BlackElo "2017"]
[PlyCount "95"]
[EventDate "2012.03.01"]
[EventType "tourn"]
[EventRounds "9"]
[EventCountry "RUS"]
[SourceTitle "EXT 2013"]
[Source "ChessBase"]
[SourceDate "2012.11.22"]
[SourceVersion "1"]
[SourceVersionDate "2012.11.22"]
[SourceQuality "1"]

1. d4 d6 2. Nf3 Bg4 3. e3 Nf6 4. c4 Nbd7 5. Nc3 e5 6. Be2 Be7 7. 0-0 0-0 8. b4 c6 9. a3 e4 10. Nd2 Bxe2 11. Qxe2 d5 12. f3 Re8 13. fxe4 dxe4 14. Ndxe4 Nxe4 15. Nxe4 Bxb4 16. Qf3 Ba5 17. Qxf7+ Kh8 18. Nd6 Rf8 19. Qxf8+ Qxf8 20. Rxf8+ Rxf8 21. Rb1 Be1 22. Rb2 Nb6 23. Re2 Bh4 24. e4 Be7 25. c5 Na4 26. Nxb7 Rb8 27. Na5 Rb1 28. Re1 Bg5 29. Bd2 Be3+ 30. Bxe3 Rxe1+ 31. Kf2 Ra1 32. Nxc6 Rxa3 33. d5 Nc3 34. d6 Nxe4+ 35. Ke2 Rxe3+ 36. Kxe3 Nxc5 37. Kd4 Nd7 38. Kd5 Kg8 39. Ke6 Nc5+ 40. Ke7 a6 41. g4 h6 42. h4 Kh7 43. d7 Nxd7 44. Kxd7 Kg6 45. Ke6 h5 46. g5 Kh7 47. Kf7 g6 48. Ne5 1-0

[Event "Kineshma op"]
[Site "Kineshma"]
[Date "2011.08.07"]
[Round "9"]
[White "Lebedenko, Olga"]
[Black "Antonov, Ivan"]
[Result "0-1"]
[WhiteElo "1901"]
[BlackElo "1972"]
[PlyCount "24"]
[EventDate "2011.08.03"]
[EventType "swiss"]
[EventRounds "9"]
[EventCountry "RUS"]
[SourceTitle "CBM 144 Extra"]
[Source "ChessBase"]
[SourceDate "2011.10.28"]
[SourceVersion "1"]
[SourceVersionDate "2011.10.28"]
[SourceQuality "1"]

1. e4 e6 2. d4 d5 3. Nd2 Be7 4. e5 c5 5. c3 cxd4 6. cxd4 Nc6 7. Qg4 g6 8. h4 Nh6 9. Qf4 g5 10. Qe3 Nf5 11. Qd3 Nfxd4 12. hxg5 Nb4 0-1

[Event "Kineshma op"]
[Site "Kineshma"]
[Date "2011.08.06"]
[Round "7"]
[White "Prikhodko, Anton"]
[Black "Antonov, Ivan"]
[Result "1-0"]
[WhiteElo "2070"]
[BlackElo "1972"]
[PlyCount "55"]
[EventDate "2011.08.03"]
[EventType "swiss"]
[EventRounds "9"]
[EventCountry "RUS"]
[SourceTitle "CBM 144 Extra"]
[Source "ChessBase"]
[SourceDate "2011.10.28"]
[SourceVersion "1"]
[SourceVersionDate "2011.10.28"]
[SourceQuality "1"]

1. e4 c5 2. Nf3 Nf6 3. Nc3 Nc6 4. d4 d5 5. exd5 Nxd5 6. Ne4 e6 7. dxc5 Bxc5 8. Nxc5 Qa5+ 9. c3 Qxc5 10. Bd2 0-0 11. Bd3 e5 12. 0-0 f5 13. b4 Qd6 14. b5 e4 15. bxc6 exd3 16. c4 Nf6 17. cxb7 Bxb7 18. Rb1 Qa6 19. Ne5 Rfe8 20. Nxd3 Be4 21. Qb3 Rab8 22. Qxb8 Rxb8 23. Rxb8+ Kf7 24. Ne5+ Ke6 25. Bc3 Qxa2 26. Ra1 Qc2 27. Ra6+ Ke7 28. Bb4# 1-0

[Event "Kineshma op"]
[Site "Kineshma"]
[Date "2011.08.05"]
[Round "6"]
[White "Antonov, Ivan"]
[Black "Makushkin, Andrey"]
[Result "1-0"]
[WhiteElo "1972"]
[BlackElo "1870"]
[PlyCount "79"]
[EventDate "2011.08.03"]
[EventType "swiss"]
[EventRounds "9"]
[EventCountry "RUS"]
[SourceTitle "CBM 144 Extra"]
[Source "ChessBase"]
[SourceDate "2011.10.28"]
[SourceVersion "1"]
[SourceVersionDate "2011.10.28"]
[SourceQuality "1"]

1. d4 Nf6 2. c4 g6 3. Nc3 Bg7 4. e4 d6 5. Nf3 0-0 6. h3 Nbd7 7. Bg5 c6 8. e5 dxe5 9. dxe5 Ne8 10. Be2 Nc7 11. 0-0 Nxe5 12. Qxd8 Nxf3+ 13. Bxf3 Rxd8 14. Bxe7 Re8 15. Bd6 Ne6 16. Rfe1 Bd7 17. Be4 Nd4 18. Bc5 Be6 19. Rad1 Nf5 20. Bxf5 Bxf5 21. Rxe8+ Rxe8 22. Bxa7 Bxc3 23. bxc3 Ra8 24. Bc5 Rxa2 25. Rd8+ Kg7 26. g4 Be6 27. g5 f5 28. Bd4+ Kf7 29. Rh8 Bxc4 30. Rxh7+ Kf8 31. Rxb7 Bd5 32. Bc5+ Ke8 33. Re7+ Kf8 34. c4 Ra5 35. Bd6 Ra1+ 36. Kh2 Rh1+ 37. Kg3 f4+ 38. Kxf4 Bg2 39. Kg3 Rd1 40. Re6+ 1-0